Φυσικοχημεία
Αποθηκεύτηκε σε:
| Κύριος συγγραφέας: | |
|---|---|
| Άλλοι συγγραφείς: | , , |
| Μορφή: | Βιβλίο |
| Γλώσσα: | Greek English |
| Δημοσίευση: |
Ηράκλειο :
Πανεπιστημιακές Εκδόσεις Κρήτης,
2015.
|
| Θέματα: | |
| Ετικέτες: |
Προσθήκη ετικέτας
Δεν υπάρχουν, Καταχωρήστε ετικέτα πρώτοι!
|
MARC
| LEADER | 00000nam a2200000 a 4500 | ||
|---|---|---|---|
| 001 | 1/110889 | ||
| 008 | 160531s2015####gr da ||| |||| ||gre|| | ||
| 020 | |a 9789605244316 | ||
| 040 | |a GR-MyUa |b gre |c GR-MyUa |e AACR2 | ||
| 041 | 1 | |a gre |h eng | |
| 082 | 7 | |a 541.3 |2 (23) | |
| 100 | 1 | |a Atkins, P. W. |q (Peter William), |d 1940- | |
| 245 | 1 | 0 | |a Φυσικοχημεία / |c Peter Atkins, Julio de Paula ; μετάφραση: Σπ. Αναστασιάδης ... [κ. α.] ; προσαρμογή - επιμέλεια: Γιάννης Κωτσόπουλος. |
| 246 | 1 | |a Atkins φυσικοχημεία | |
| 260 | |a Ηράκλειο : |b Πανεπιστημιακές Εκδόσεις Κρήτης, |c 2015. | ||
| 300 | |a 1067 σ. : |b εικ. ; |c 30 εκ. | ||
| 500 | |a Μετάφραση του: Atkins physical chemistry, 9η έκδοση, Oxford University Press. | ||
| 504 | |a Περιλαμβάνει ευρετήριο. | ||
| 650 | 0 | |a Chemistry, Physical and theoretical. | |
| 700 | 1 | |a Paula, Julio de. | |
| 700 | 1 | |a Αναστασιάδης, Σπύρος Π. |e trl | |
| 700 | 1 | |a Κωτσόπουλος, Γιάννης, |e edt | |
| 852 | |a INST |b LEMNOS |c EUDOXUS |e 20190605 |h 541.3 ATK |p 005600002437 |q 005600002437 |t EDX |y 0 | ||
| 852 | |a INST |b LEMNOS |c EUDOXUS |e 20190605 |h 541.3 ATK |p 005600002438 |q 005600002438 |t EDX |y 0 | ||
| 852 | |a INST |b LESVOS |c EUDOXUS |e 20160531 |h 541.3 ATK |p 005100058554 |q 005100058554 |t EDX |y 0 | ||
| 920 | |a Εύδοξος |b Παραγγελία |y Λέσβος-ΤΠ | ||
| 920 | |a Εύδοξος |b Παραγγελία |y Λήμνος-ΤΕΤΔ |z 2018-05 | ||
| 970 | |a Τζαφέρη |b Ευαγγελία |z 31-05-2016 | ||